000 00589nam a22002057a 4500
001 47384
003 UA-OsUOA
005 20230801225232.0
007 ta
008 20070719b un ||||| |||| 00| 0 ukr d
040 _aUA-OsUOA
_bukr
_cUA-OsUOA
_dUA-OsUOA
041 _aukr
080 _a811,111(038)
090 _a811,111(038)
_bУ45
245 _aУкраїнсько-англійський словник
300 _a1163 с.
650 7 _a8 Мовознавство. Художня література. Літературознавство
_2UDC
942 _cBK
_2udc
955 _a2
999 _c333482
_d333482